| 000 | 01099nam a22003137a 4500 | ||
|---|---|---|---|
| 001 | BR2014004839 | ||
| 003 | BR-BrBNA | ||
| 005 | 20230928104454.0 | ||
| 007 | ta | ||
| 008 | 230509b bl.||||| |||| 00| 0 por d | ||
| 040 |
_aBR-BrBNA _bpor _cBiblioteca Nacional de Agricultura |
||
| 041 | _a(Por) | ||
| 072 | _aD50; P01 | ||
| 090 | _ D50 BR2014004839 | ||
| 100 | 1 | _aCastellano, E.G. (ed.) | |
| 100 | 1 | _aCrestana, S. (ed.) | |
| 100 | 1 | _aRossi, A. (ed.) | |
| 110 | 1 | _aEmpresa Brasileira de Pesquisa Agropecuária, Brasília, DF (Brasil) | |
| 245 | 1 |
_aDireito ambiental _bV.1: Princípios Gerais do Direito Ambiental; v. 2: Direitos fundamentais e o direito ambiental; v. 3: Bens e Recursos Ambientais e o Direito Ambiental |
|
| 260 | 3 |
_aBrasília, DF (Brasil): _c2014-2015; 2017. |
|
| 300 | _av. 1-3 | ||
| 500 | _aIncludes several bibliographies; Summaries (Eng, Por); 10 illus.; 4 tables | ||
| 650 | _aDIREITO AMBIENTAL | ||
| 650 | _aMEIO AMBIENTE | ||
| 650 | _aIMPACTO AMBIENTAL | ||
| 650 | _aDESENVOLVIMENTO SUSTENTÁVEL | ||
| 909 |
_a202309 _bLucia _c55 _dLucia Elande |
||
| 942 | _cBK | ||
| 999 |
_c80105 _d80105 |
||